Statistics for Rammstein Songs

Click here to take the quiz!

General Stats

  • This quiz has been taken 649 times
    (578 since last reset)
  • The average score is 37 of 80

Answer Stats

Answer % Correct
Du Hast
90%
Sonne
83%
B*******
79%
Mutter
79%
Amerika
79%
Engel
75%
Mein Teil
73%
Rosenrot
73%
Ich Will
72%
Rammstein
70%
Pussy
68%
Reise, Reise
68%
Mein Herz Brennt
66%
Feuer Frei!
65%
Links 2 3 4
64%
Ohne Dich
64%
Benzin
62%
Keine Lust
60%
Sehnsucht
59%
Bück Dich
58%
Ich Tu Dir Weh
57%
Mein Land
57%
Seemann
55%
Moskau
55%
Haifisch
54%
Du Riechst So Gut
54%
Rammlied
53%
Herzeleid
52%
Mann Gegen Mann
52%
Liebe Ist Für Alle Da
50%
Asche Zu Asche
48%
Zwitter
45%
Los
45%
Tier
45%
Te Quiero Puta!
44%
Küss Mich (Fellfrosch)
44%
Stein Um Stein
43%
Weisses Fleisch
43%
Dalai Lama
43%
Frühling In Paris
43%
Klavier
42%
Adios
42%
Waidmanns Heil
42%
Wollt Ihr Das Bett In Flammen Sehen?
41%
Heirate Mich
41%
Der Meister
41%
Amour
41%
Spiel Mit Mir
40%
Spieluhr
40%
Eifersucht
39%
Morgenstern
39%
Rein Raus
38%
Stripped
38%
Laichzeit
37%
Spring
37%
Nebel
37%
Alter Mann
37%
Roter Sand
36%
Bestrafe Mich
36%
Stirb Nicht Vor Mir
34%
Wiener Blut
34%
Feuer Und Wasser
34%
Donaukinder
33%
Ein Lied
32%
Das Alte Leid
32%
Zerstören
32%
Wo Bist Du
31%
Hilf Mir
30%
Das Modell
28%
Mehr
27%
Halt
26%
Kokain
24%
Halleluja
24%
Liese
24%
Führe Mich
24%
Wilder Wein
19%
Feuerräder
17%
5/4
15%
Vergiss Uns Nicht
12%
Gib Mir Deine Augen
11%

Score Distribution

Percentile by Number Answered

Percent of People with Each Score

Your Score History

You have not taken this quiz since the last reset